De los siglos oscuros al de oro

Wedi'i Gadw mewn:
Manylion Llyfryddiaeth
Prif Awdur: Alonso, Dámaso
Fformat: Llyfr
Iaith:Undetermined
Cyhoeddwyd: Madrid, España Gredos 1958
Pynciau:
Tagiau: Ychwanegu Tag
Dim Tagiau, Byddwch y cyntaf i dagio'r cofnod hwn!

MARC

LEADER 00000nam a2200000Ia 4500
008 170316s9999 xx 000 0 und d
040 |a cru BVZT 
090 |a 862 A-17d 
100 |a Alonso, Dámaso 
245 |a De los siglos oscuros al de oro 
260 |a Madrid, España 
260 |b Gredos 
260 |c 1958 
300 |a 275 páginas 
650 |a LITERATURA ESPAÑOLA 
999 |c 9376  |d 9376 
942 |c 15 D  |h 862 A-17d  |2 z